000 00301nam a22001337a 4500
008 181011b xxu||||| |||| 00| 0 eng d
020 _a9780073531830
041 _aeng
080 _a159.9
100 _a48
101 _aPSI
245 _aPsychology making connections
_cFeist,G.J
942 _2udc
_cBK
999 _c49335
_d49335